<?xml version="1.0" encoding="UTF-8"?>
<record
    xmlns:xsi="http://www.w3.org/2001/XMLSchema-instance"
    xsi:schemaLocation="http://www.loc.gov/MARC21/slim http://www.loc.gov/standards/marcxml/schema/MARC21slim.xsd"
    xmlns="http://www.loc.gov/MARC21/slim">

  <leader>00735nam a2200205Ia 4500</leader>
  <controlfield tag="001">37503</controlfield>
  <controlfield tag="008">190408s        ii     g     b000 u 465 u</controlfield>
  <datafield tag="020" ind1=" " ind2=" ">
    <subfield code="a">9788120800182</subfield>
  </datafield>
  <datafield tag="082" ind1=" " ind2=" ">
    <subfield code="a">954.08</subfield>
  </datafield>
  <datafield tag="100" ind1=" " ind2=" ">
    <subfield code="a">Tripathi, Rama Shankar,</subfield>
    <subfield code="e">Author.</subfield>
  </datafield>
  <datafield tag="245" ind1=" " ind2="0">
    <subfield code="a">History of ancient India</subfield>
    <subfield code="c">by Rama Shankar Tripathi</subfield>
    <subfield code="h">Textual Documents</subfield>
  </datafield>
  <datafield tag="250" ind1=" " ind2=" ">
    <subfield code="a">1st ed.</subfield>
  </datafield>
  <datafield tag="260" ind1=" " ind2=" ">
    <subfield code="a">Delhi</subfield>
    <subfield code="b">Motilal Banarsidass Publishers</subfield>
    <subfield code="c">1942.</subfield>
  </datafield>
  <datafield tag="300" ind1=" " ind2=" ">
    <subfield code="a">xxix, 605p:</subfield>
    <subfield code="c">23cm.</subfield>
  </datafield>
  <datafield tag="500" ind1=" " ind2=" ">
    <subfield code="a">The book has been replaced with the book The Nababs of P Spear</subfield>
  </datafield>
  <datafield tag="653" ind1=" " ind2=" ">
    <subfield code="a">History</subfield>
  </datafield>
  <datafield tag="653" ind1=" " ind2=" ">
    <subfield code="a">The colas, Daksinapath dynasty, Hindu dynasty,Harsavardhana of thaneswar, The kushans, Asoka, Chandra gupta Mayur, Pre-historic age</subfield>
  </datafield>
  <datafield tag="653" ind1=" " ind2=" ">
    <subfield code="a">G-History</subfield>
  </datafield>
  <datafield tag="942" ind1=" " ind2=" ">
    <subfield code="2">ddc</subfield>
    <subfield code="c">BK</subfield>
  </datafield>
  <datafield tag="952" ind1=" " ind2=" ">
    <subfield code="0">0</subfield>
    <subfield code="1">0</subfield>
    <subfield code="4">0</subfield>
    <subfield code="7">0</subfield>
    <subfield code="8">General </subfield>
    <subfield code="a">SKBL</subfield>
    <subfield code="b">SKBL</subfield>
    <subfield code="c">G-History</subfield>
    <subfield code="d">2012-02-01</subfield>
    <subfield code="f">00000</subfield>
    <subfield code="g">395.00</subfield>
    <subfield code="l">0</subfield>
    <subfield code="o">954.08 Sp 31 N</subfield>
    <subfield code="p">52049</subfield>
    <subfield code="r">2024-01-14 00:00:00</subfield>
    <subfield code="t">1</subfield>
    <subfield code="w">2012-02-01</subfield>
    <subfield code="y">BK</subfield>
  </datafield>
  <datafield tag="999" ind1=" " ind2=" ">
    <subfield code="c">37482</subfield>
    <subfield code="d">37482</subfield>
  </datafield>
</record>
